Cơ học : (Đã được hội đồng môn học của Bộ giáo dục và đào tạo thông qua dùng làm tài liệu giảng dạy trong các trường đại học kỹ thuật)
Nội dung sách gồm bốn phần và được in thành 3 tập: Tập 1: gồm hai phần tĩnh học và động học; tập 2: phần động lực học; tập 3: phần cơ học và môi trường liên tục.
محفوظ في:
| المؤلف الرئيسي: | |
|---|---|
| التنسيق: | كتاب |
| اللغة: | Undetermined |
| منشور في: |
Hà Nội
Giáo Dục
2006
|
| الموضوعات: | |
| الوسوم: |
إضافة وسم
لا توجد وسوم, كن أول من يضع وسما على هذه التسجيلة!
|
| Thư viện lưu trữ: | Trung tâm Học liệu Trường Đại học Cần Thơ |
|---|
| LEADER | 01101nam a2200241Ia 4500 | ||
|---|---|---|---|
| 001 | CTU_123489 | ||
| 008 | 210402s9999 xx 000 0 und d | ||
| 020 | |c 12000 | ||
| 082 | |a 531.1 | ||
| 082 | |b S107/T.1 | ||
| 100 | |a Đỗ, Sanh | ||
| 245 | 0 | |a Cơ học : | |
| 245 | 0 | |b (Đã được hội đồng môn học của Bộ giáo dục và đào tạo thông qua dùng làm tài liệu giảng dạy trong các trường đại học kỹ thuật) | |
| 245 | 0 | |c Đỗ Sanh, Nguyễn Văn Đình, Nguyễn Văn Khang | |
| 260 | |a Hà Nội | ||
| 260 | |b Giáo Dục | ||
| 260 | |c 2006 | ||
| 520 | |a Nội dung sách gồm bốn phần và được in thành 3 tập: Tập 1: gồm hai phần tĩnh học và động học; tập 2: phần động lực học; tập 3: phần cơ học và môi trường liên tục. | ||
| 526 | |a Cơ lý thuyết - CK | ||
| 526 | |b CN136 | ||
| 650 | |a Dynamics,Mechanics,Statics | ||
| 904 | |i Nguyên | ||
| 980 | |a Trung tâm Học liệu Trường Đại học Cần Thơ | ||